Invertebrates - Statistics

General Stats
  • This quiz has been taken 10 times
  • The average score is 18 of 18
Answer Stats
Picture Answer % Correct
Bee
100%
Butterfly
100%
Caterpillar
100%
Crab
100%
Fly
100%
Jellyfish
100%
Ladybug
100%
Lobster
100%
Mantis
100%
Mosquito
100%
Moth
100%
Octopus
100%
Scorpion
100%
Spider
100%
Squid
100%
Starfish
100%
Grasshopper
88%
Cricket
63%
No matching quizzes found
Score Distribution
Percent of People with Each Score
Percentile by Number Answered
Your Score History
You have not taken this quiz